000 00537nmm a2200169Ia 4500
008 251105s9999||||xx |||||||||||||||||und||
020 _a9789587387667
041 _aspa
100 _aQuintero Hernández, Gustavo
245 0 _aLa mentoría en el proceso de enseñanza-aprendizaje
264 _a[Bogotá, Colombia] :
_bUniversidad del Rosario,
_c2016
300 _a316 páginas
490 _aTextos de medicina y de ciencias humanas
650 _aEducation
856 _uhttps://public.digitaliapublishing.com/a/46424
942 _cCF
999 _c95859
_d95859